Las ferias rurales en la Provincia de Tucumán (Registro nro. 3966)

Detalles MARC
000 -LEADER
fixed length control field 01200 a2200241 4500
001 - CONTROL NUMBER
control field 45555
005 - DATE AND TIME OF LATEST TRANSACTION
control field 20260407155728.0
008 - FIXED-LENGTH DATA ELEMENTS--GENERAL INFORMATION
fixed length control field 260407a2005 arg spa d
003 - CONTROL NUMBER IDENTIFIER
control field AR-UNSa-BCEJYS
040 ## - CATALOGING SOURCE
Original cataloging agency AR-UNSa-BCEJYS
Language of cataloging spa
Transcribing agency AR-UNSa-BCEJYS
080 ## - UNIVERSAL DECIMAL CLASSIFICATION NUMBER
Universal Decimal Classification number 339.174
Common auxiliary subdivision Ferias comerciales
020 ## - INTERNATIONAL STANDARD BOOK NUMBER
International Standard Book Number 950-554-439-1
041 ## - LANGUAGE CODE
Language code of text/sound track or separate title spa
100 1# - MAIN ENTRY--PERSONAL NAME
Personal name Paolasso, Pablo
245 10 - TITLE STATEMENT
Title Las ferias rurales en la Provincia de Tucumán
264 #1 - PRODUCTION, PUBLICATION, DISTRIBUTION, MANUFACTURE, AND COPYRIGHT NOTICE
Place of production, publication, distribution, manufacture Marburg :
Name of producer, publisher, distributor, manufacturer Philipps Universität Marburg
Date of production, publication, distribution, manufacture, or copyright notice 2005
300 ## - PHYSICAL DESCRIPTION
Extent 101 p.
Dimensions 22 cm.
505 ## - FORMATTED CONTENTS NOTE
Formatted contents note 1. Introducción - 2. Marco teórico y estado actual del conocimiento - 3. Objetivos de la investigación - 4. Metodología de la investigación - 5. Las ferias rurales: distribución y criterios estructurales - 6. Las funciones de las ferias - 7. Importancia de las ferias para los pequeños productores y su situación socio-económica - 8. Trabajo extrapredial y emigración como criterios de la pobreza (extrema) para los pequeños productores -
590 ## - LOCAL NOTE (RLIN)
Local note niveau_biblio:m niveau_hierar:0
700 1# - ADDED ENTRY--PERSONAL NAME
Personal name Mertins, Günter
856 41 - ELECTRONIC LOCATION AND ACCESS
Uniform Resource Identifier <a href="https://www.biblioeco.unsa.edu.ar/pmb/images/libros/L127138.jpg">https://www.biblioeco.unsa.edu.ar/pmb/images/libros/L127138.jpg</a>
Link text Imagen de portada
Electronic format type image/jpeg
942 ## - ADDED ENTRY ELEMENTS (KOHA)
Koha item type
Existencias
Withdrawn status Lost status Damaged status Not for loan Home library Current library Shelving location Date acquired Total checkouts Full call number Barcode Date last seen Price effective from Koha item type
        Biblioteca Prof. Eusebio Cleto del Rey Biblioteca Prof. Eusebio Cleto del Rey   07/04/2026   339.174 M575 L127138 07/04/2026 07/04/2026 Libro